000 00681nam a2200217 i 4500
001 115229
003 ES-MaACL
005 20250918183856.0
007 t|
008 070226s1909 sp ||||1| spa d
080 _a821.134.2-32"19"
100 1 _aLópez Alarcón, Enrique.
_973383
245 1 3 _aLa cruz del cariño
_b: novela /
_cde Enrique López Alarcón ; ilustraciones de Agustín.
260 _aMadrid :
_bEl Cuento Semanal,
_c1909.
300 _a20 p. :
_bil. ;
_c26 cm.
490 1 _aEl cuento semanal ;
_v106
700 0 _aAgustín,
_dca. 1878-1935
_9171519
830 0 3 _aEl cuento semanal
_v106
_9185957
852 _aES-MaACL
_jG-4443(2)
999 _c115229
_d115229